00543nam a22001697a 450000500170000000800410001701000100005801100100006803500100007810000430008824500650013126000400019630000100023650000120024650200810025865000340033920220329141220.0971010s1986 r 00010 d a64525 a65497 a7234800aGuevara Fernández, Francisco Javier. aLimitaciones del seguro agrícola en el estado de Chihuahua aChihuahua, Chih. :bEl autor,c1986 a56 h. aD97-111 aTesis (Ing. Agr. Esp. en Zonas Aridas) -- UACH. Departamento de Zonas Aridas14aSeguro agrícolaxChihuahua.